Corporate sickness predicting at incipient stage / (Record no. 134158)

MARC details
000 -LEADER
fixed length control field 00728nam a22002297a 4500
005 - DATE AND TIME OF LATEST TRANSACTION
control field 20170124110221.0
010 ## - LIBRARY OF CONGRESS CONTROL NUMBER
LC control number A-895098
020 ## - INTERNATIONAL STANDARD BOOK NUMBER
Terms of availability 275.00
035 ## - SYSTEM CONTROL NUMBER
System control number A-895098
037 ## - SOURCE OF ACQUISITION
Source of stock number/acquisition Cen Lib/Ret
040 ## - CATALOGING SOURCE
Original cataloging agency DPL
Language of cataloging EN
082 ## - DEWEY DECIMAL CLASSIFICATION NUMBER
Classification number 338.74
Item number KOR
100 ## - MAIN ENTRY--PERSONAL NAME
Personal name Kortikar, R.N.
9 (RLIN) 39966
245 ## - TITLE STATEMENT
Title Corporate sickness predicting at incipient stage /
Statement of responsibility, etc by R.N. Kortikar
260 ## - PUBLICATION, DISTRIBUTION, ETC. (IMPRINT)
Place of publication, distribution, etc Bombay
Name of publisher, distributor, etc Himalaya publishing house
Date of publication, distribution, etc 1997
270 ## - ADDRESS
City Bombay
Postal code 400004
Address Dr, Bhale rao marg, Girgaon
300 ## - PHYSICAL DESCRIPTION
Extent 189p.
Dimensions 22cm(Hb)
500 ## - GENERAL NOTE
General note Includes index
650 ## - SUBJECT ADDED ENTRY--TOPICAL TERM
Topical term or geographic name as entry element Business forecasting
General subdivision Mathematical models
9 (RLIN) 39967
650 ## - SUBJECT ADDED ENTRY--TOPICAL TERM
Topical term or geographic name as entry element Business failures
General subdivision Mathematical models
9 (RLIN) 39968
942 ## - ADDED ENTRY ELEMENTS (KOHA)
Source of classification or shelving scheme Dewey Decimal Classification
Koha item type English Books
Classification part 338.74
Call number suffix KOR
Holdings
Withdrawn status Lost status Damaged status Not for loan Collection code Home library Current library Date acquired Source of acquisition Cost, normal purchase price Total Checkouts Full call number Barcode Date last seen Copy number Cost, replacement price Price effective from Koha item type
      Not For Loan Reference Central Library Central Library 29/07/2015 Cen Lib/Ret 275.00   338.74 KOR A-895098 29/07/2015 1 275.00 29/07/2015 English Books

© Delhi Public Library
Hit Counter
free hit counter